Сб. 69 : Организмы и природная среда: [сборник]; Вопросы географии

Bibliografiset tiedot
Parent link:Вопросы географии: [сборник]/ Географическое общество Союза ССР, Московский филиал. Сб. 69 : Организмы и природная среда.— , 1946-1988
Muut tekijät: Воронов А. Г. (редактор), Дохман Г. И., Соболев Л. Н.
Kieli:venäjä
Julkaistu: Москва, Мысль, 1966
Aiheet:
Aineistotyyppi: MixedMaterials Kirja
KOHA link:https://koha.lib.tpu.ru/cgi-bin/koha/opac-detail.pl?biblionumber=314654

MARC

LEADER 00000nam2a2200000 4500
001 314654
005 20231102002711.0
035 |a (RuTPU)RU\TPU\book\340076 
035 |a RU\TPU\book\340073 
090 |a 314654 
100 |a 20160218d1966 k y0rusy50 ca 
101 0 |a rus 
102 |a RU 
105 |a a z 001zy 
200 0 |a Сб. 69 : Организмы и природная среда  |e [сборник]  |f отв. ред. А. Г. Воронов , Г. И. Дохман , Л. Н. Соболев 
210 |a Москва  |c Мысль  |d 1966 
215 |a 175 с.  |c ил. 
320 |a Библиогр. в примеч. 
461 1 |0 (RuTPU)RU\TPU\book\142639  |t Вопросы географии  |o [сборник]  |f Географическое общество Союза ССР, Московский филиал  |v Сб. 69 : Организмы и природная среда  |d 1946-1988  |s Научные сборники московского филиала Географического общества Союза ССР 
606 1 |a Биогеография  |2 stltpush  |3 (RuTPU)RU\TPU\subj\28652  |9 52167 
610 1 |a растительность 
610 1 |a биоценоз 
610 1 |a насекомые 
610 1 |a животные 
610 1 |a Чукотка 
610 1 |a картографирование 
610 1 |a опылители 
675 |a 574.9  |v 4 
702 1 |a Воронов  |b А. Г.  |4 340 
702 1 |a Дохман  |b Г. И.  |4 340 
702 1 |a Соболев  |b Л. Н.  |4 340 
801 1 |a RU  |b 63413507  |c 20160218 
801 2 |a RU  |b 63413507  |c 20190716  |g RCR 
942 |c BK